00503nam a2200181Ia 450000500170000000800410001702000220005804100080008008200200008810000160010824500690012426000380019330000210023144000060025250000160025865000310027470000160030520230327115144.0230125s9999 xx 000 0 und d a978-0-3494-1041-8 aeng a658.312 44bHOF aHoffman B G aRed Teaming : Transform Your Business By Thinking Like The Enemy c2017bPiatkus PublicationaLondon a278pcPaper Back v1 aHRM;HRM Gen aHuman Resource Management. aHoffman B G